| 000 | 00000nam##2200000za#4500 |
| 001 | 9.636128 |
| 003 | CaOODSP |
| 005 | 20210624220606 |
| 007 | cr ||||||||||| |
| 008 | 150407|2005||||xxc|||||o f|0| 0 fre|d |
| 040 | |aCaOODSP|bfre |
| 043 | |an-cn--- |
| 086 | 1 |aEn108-4/47-2005F-PDF |
| 110 | 1 |aCanada.|bConseil canadien des ministres de l'environnement. |
| 245 | 10|aAnalyse des instruments économiques pour la conservation de l'eau : |h[ressource électronique]|brapport final / |cpar David Sawyer ... [et al]. |
| 260 | |bConseil canadien des ministres de l'environnement |c[2005]. |
| 300 | |a115p.|bfigures, glossaire, références, tableaux |
| 590 | |a10-14-Supp|b2010-12-03 |
| 691 | 07|aGestion de l'eau|2gcpds |
| 691 | 07|aConservation de l'eau|2gcpds |
| 720 | 1 |aSawyer, David |
| 720 | 1 |aPerron, Genevieve |
| 720 | 1 |aTrudeau, Mary |
| 720 | 1 |aRenzetti, Steven |
| 775 | 08|tAnalysis of economic instruments for water conservation : |w(CaOODSP)9.691832 |
| 856 | 40|ahttp://publications.gc.ca|qPDF|s596 Ko|uhttps://publications.gc.ca/collections/collection_2010/ccme/En108-4-47-2005-fra.pdf |
| 986 | |aPN 1349 |